header

Mastering digital SLR photography (Record no. 38486)

MARC details
000 -LEADER
fixed length control field 01192nam a22003254a 4500
082 04 - DEWEY DECIMAL CLASSIFICATION NUMBER
Classification number 775
100 1# - MAIN ENTRY--AUTHOR NAME
Personal name Busch, David D.
245 10 - TITLE STATEMENT
Title Mastering digital SLR photography
250 ## - EDITION STATEMENT
Edition statement 2nd ed.
260 ## - PUBLICATION, DISTRIBUTION, ETC. (IMPRINT)
Place of publication Boston, MA :
Name of publisher Thomson Course Technology,
Year of publication c2008.
300 ## - PHYSICAL DESCRIPTION
Number of Pages xix, 323 p. :
Other physical details ill. (some col.).
500 ## - GENERAL NOTE
General note Includes index.
650 #0 - SUBJECT ADDED ENTRY--TOPICAL TERM
Topical Term Photography
Topical Term Single-lens reflex cameras.
856 40 - ELECTRONIC LOCATION AND ACCESS
Uniform Resource Identifier http://site.ebrary.com/lib/rucke/Doc?id=10228178

No items available.

© 2026 Rongo University
Contact us: librarian | system librarian | Rongo university